[Event "Sochi ChessAmateur op10"]
[Site "Sochi"]
[Date "2018.10.18"]
[Round "9"]
[White "Krylov, Aleksey"]
[Black "Kondenko, Alexey"]
[Result "1-0"]
[WhiteElo "2229"]
[BlackElo "2043"]
[PlyCount "70"]
[EventDate "2018.10.12"]
[EventType "swiss"]
[EventRounds "9"]
[EventCountry "RUS"]
[SourceTitle "CBM 187 Extra"]
[Source "ChessBase"]
[SourceDate "2018.11.04"]
[SourceVersion "1"]
[SourceVersionDate "2018.11.04"]
[SourceQuality "1"]

1. d4 Nf6 2. Nf3 e6 3. Bf4 b6 4. e3 Bb7 5. Bd3 Be7 6. Nbd2 d6 7. Bg3 Nbd7 8. Qe2 a5 9. h3 0-0 10. 0-0 g6 11. Bh2 Nh5 12. e4 a4 13. Rad1 a3 14. b3 Re8 15. e5 Bf8 16. Nc4 d5 17. Ne3 f5 18. exf6 Ndxf6 19. Ne5 Ne4 20. Bxe4 dxe4 21. c4 Bg7 22. Rd2 Qe7 23. Rc1 Rad8 24. c5 Nf6 25. Qb5 Nd5 26. cxb6 cxb6 27. Qe2 Nb4 28. Qb5 Rc8 29. Rxc8 Rxc8 30. N5c4 Nd3 31. Qxb6 Qd7 32. Qd6 Qxd6 33. Bxd6 Bxd4 34. Bxa3 Ra8 35. Bd6 Bd5 1-0

[Event "Sochi Doroshkevich Amateur op"]
[Site "Sochi"]
[Date "2017.12.27"]
[Round "8"]
[White "Kondenko, Alexey"]
[Black "Denishev, Marat"]
[Result "0-1"]
[WhiteElo "2048"]
[BlackElo "2301"]
[PlyCount "81"]
[EventDate "2017.12.21"]
[EventType "swiss"]
[EventRounds "9"]
[EventCountry "RUS"]
[SourceTitle "CBM 182 Extra"]
[Source "ChessBase"]
[SourceDate "2018.02.23"]
[SourceVersion "1"]
[SourceVersionDate "2018.02.23"]
[SourceQuality "1"]

1. Nf3 c5 2. e4 d6 3. c3 Nf6 4. h3 g6 5. Bb5+ Bd7 6. Bxd7+ Nbxd7 7. Qe2 Bg7 8. 0-0 0-0 9. d4 cxd4 10. cxd4 d5 11. e5 Ne4 12. Nbd2 Nxd2 13. Bxd2 Qb6 14. a3 Rac8 15. Bb4 Rfe8 16. Rac1 e6 17. Qd2 Nb8 18. Be7 Nc6 19. Bf6 Rc7 20. Rc3 Rec8 21. Rfc1 Na5 22. Bxg7 Kxg7 23. Qf4 Rxc3 24. Qf6+ Kg8 25. Rxc3 Rxc3 26. bxc3 Nc6 27. g4 Qd8 28. Qf4 Qe7 29. a4 Na5 30. Kg2 Nc4 31. Qc1 Nb6 32. Qa1 Qd7 33. a5 Qa4 34. Qc1 Qxa5 35. Qh6 Nd7 36. Qg5 Qa3 37. Qd8+ Nf8 38. Qc7 h6 39. Qxb7 a5 40. c4 dxc4 41. Nd2 0-1

[Event "Sochi Doroshkevich Amateur op"]
[Site "Sochi"]
[Date "2017.12.25"]
[Round "5"]
[White "Ustinov, Alexey"]
[Black "Kondenko, Alexey"]
[Result "1-0"]
[WhiteElo "2285"]
[BlackElo "2048"]
[PlyCount "85"]
[EventDate "2017.12.21"]
[EventType "swiss"]
[EventRounds "9"]
[EventCountry "RUS"]
[SourceTitle "CBM 182 Extra"]
[Source "ChessBase"]
[SourceDate "2018.02.23"]
[SourceVersion "1"]
[SourceVersionDate "2018.02.23"]
[SourceQuality "1"]

1. c4 Nf6 2. Nc3 c5 3. Nf3 Nc6 4. g3 g6 5. Bg2 Bg7 6. 0-0 0-0 7. a3 d6 8. Rb1 Bd7 9. d3 a5 10. Bd2 h6 11. Nb5 Kh7 12. b4 axb4 13. axb4 Nxb4 14. Bxb4 cxb4 15. Rxb4 Qa5 16. Qb3 Bc6 17. Rb1 Ra6 18. h4 e5 19. Nd2 Bxg2 20. Kxg2 Nd7 21. Ne4 Nc5 22. Qd1 f5 23. Nec3 Qd8 24. Nd5 Rf7 25. Nbc3 h5 26. Na4 Rxa4 27. Rxa4 Nxa4 28. Qxa4 f4 29. Qa7 Qc8 30. Nc3 d5 31. Nxd5 fxg3 32. fxg3 e4 33. Qe3 exd3 34. exd3 Qf8 35. Nf4 Bh6 36. Rf1 Qd6 37. Qe6 Rd7 38. Qxd6 Rxd6 39. Rb1 Bxf4 40. Rxb7+ Kh6 41. gxf4 Rxd3 42. Rc7 Rc3 43. c5 1-0

[Event "Sochi Doroshkevich Amateur op"]
[Site "Sochi"]
[Date "2017.12.22"]
[Round "2"]
[White "Hambardzumian, Yuri"]
[Black "Kondenko, Alexey"]
[Result "1-0"]
[WhiteElo "2324"]
[BlackElo "2048"]
[PlyCount "73"]
[EventDate "2017.12.21"]
[EventType "swiss"]
[EventRounds "9"]
[EventCountry "RUS"]
[SourceTitle "CBM 182 Extra"]
[Source "ChessBase"]
[SourceDate "2018.02.23"]
[SourceVersion "1"]
[SourceVersionDate "2018.02.23"]
[SourceQuality "1"]

1. e4 c5 2. Nf3 d6 3. Bb5+ Nd7 4. c3 a6 5. Ba4 b5 6. Bc2 Ngf6 7. d4 e5 8. 0-0 Be7 9. a4 Rb8 10. axb5 axb5 11. b4 cxd4 12. cxd4 Bb7 13. Qe2 0-0 14. Bb2 d5 15. dxe5 Nxe4 16. Nbd2 f5 17. Bb3 Nxd2 18. Qxd2 Nb6 19. Qd4 Nc4 20. Bc3 Qc8 21. Ne1 f4 22. Nf3 Bd8 23. Bc2 g6 24. Qd3 Bb6 25. Bd4 Bc6 26. Rfe1 Bd7 27. Bxb6 Nxb6 28. Nd4 Qc4 29. Qd2 Qc8 30. e6 Be8 31. Nb3 Nc4 32. Qd4 Rb7 33. Nc5 Re7 34. Qxd5 Bc6 35. Qg5 Qc7 36. h4 Nd6 37. Qe5 1-0

[Event "Krasnodar Region-ch"]
[Site "Krasnodar"]
[Date "2014.10.07"]
[Round "5"]
[White "Kondenko, Alexey"]
[Black "Gurianov, Daniil"]
[Result "1-0"]
[WhiteElo "2201"]
[BlackElo "1817"]
[PlyCount "67"]
[EventDate "2014.10.03"]
[EventType "swiss"]
[EventRounds "9"]
[EventCountry "RUS"]
[SourceTitle "EXT 2015"]
[Source "ChessBase"]
[SourceDate "2014.11.20"]
[SourceVersion "1"]
[SourceVersionDate "2014.11.20"]
[SourceQuality "1"]

1. Nf3 d5 2. c4 e6 3. g3 Nf6 4. Bg2 dxc4 5. 0-0 Be7 6. Na3 0-0 7. Nxc4 Nc6 8. d4 Rb8 9. Bf4 Nd5 10. Bd2 Nf6 11. Bc3 Ne4 12. Be1 Bf6 13. e3 Nd6 14. Nce5 Bxe5 15. dxe5 Nc4 16. Bc3 Qe7 17. Rc1 Rd8 18. Qe2 Nb6 19. Rfd1 Nd7 20. Qc4 Nf8 21. a4 Ng6 22. h4 Qe8 23. b4 Rxd1+ 24. Rxd1 Bd7 25. h5 Nf8 26. b5 Ne7 27. h6 gxh6 28. Nd2 Nd5 29. Ne4 Kg7 30. Nf6 Nxf6 31. exf6+ Kh8 32. Qf4 Ng6 33. Qxh6 Qf8 34. Qg7+ 1-0

[Event "Krasnodar Region-ch"]
[Site "Krasnodar"]
[Date "2014.10.06"]
[Round "4"]
[White "Markosian, Sergey"]
[Black "Kondenko, Alexey"]
[Result "0-1"]
[WhiteElo "1853"]
[BlackElo "2201"]
[PlyCount "56"]
[EventDate "2014.10.03"]
[EventType "swiss"]
[EventRounds "9"]
[EventCountry "RUS"]
[SourceTitle "EXT 2015"]
[Source "ChessBase"]
[SourceDate "2014.11.20"]
[SourceVersion "1"]
[SourceVersionDate "2014.11.20"]
[SourceQuality "1"]

1. e4 e6 2. f4 c5 3. c4 Nc6 4. Nf3 Nh6 5. Nc3 f5 6. Be2 Be7 7. 0-0 0-0 8. d3 a6 9. h3 b5 10. cxb5 axb5 11. Nxb5 Ba6 12. Nc3 Nd4 13. Nxd4 cxd4 14. Nb1 Qb6 15. e5 d6 16. Bf3 Rab8 17. b3 dxe5 18. fxe5 Nf7 19. Re1 Bh4 20. Re2 Bg3 21. Ba3 Rfc8 22. Nd2 Bxd3 23. Rf2 Nxe5 24. Rc1 Rc3 25. Bb2 Bxf2+ 26. Kxf2 Bc2 27. Nc4 Nxc4 28. Rxc2 Rxc2+ 0-1

[Event "Krasnodar Region-ch"]
[Site "Krasnodar"]
[Date "2014.10.05"]
[Round "3"]
[White "Kondenko, Alexey"]
[Black "Shchury, Yury"]
[Result "0-1"]
[WhiteElo "2201"]
[BlackElo "2201"]
[PlyCount "82"]
[EventDate "2014.10.03"]
[EventType "swiss"]
[EventRounds "9"]
[EventCountry "RUS"]
[SourceTitle "EXT 2015"]
[Source "ChessBase"]
[SourceDate "2014.11.20"]
[SourceVersion "1"]
[SourceVersionDate "2014.11.20"]
[SourceQuality "1"]

1. e4 e5 2. Bc4 Nf6 3. d3 Be7 4. Nf3 Nc6 5. Nc3 0-0 6. 0-0 d6 7. a4 Be6 8. Bg5 h6 9. Bxf6 Bxf6 10. Nd5 g6 11. a5 a6 12. c3 Bg7 13. Qb3 Rb8 14. Ne3 Re8 15. h3 Qd7 16. Nh2 Bxc4 17. Qxc4 Qe6 18. Nd5 Rbc8 19. Ng4 h5 20. Nge3 Bh6 21. b4 Kg7 22. Rad1 Rf8 23. Rfe1 Bxe3 24. Rxe3 Ne7 25. Nxe7 Qxe7 26. d4 f6 27. Qd5 Rb8 28. Qc4 Qf7 29. Qe2 Rbe8 30. c4 Re7 31. b5 exd4 32. Rxd4 Re5 33. bxa6 bxa6 34. Rd5 Rb8 35. f4 Ree8 36. Qd3 Re7 37. Kh2 Qe8 38. c5 dxc5 39. Qxa6 Rb4 40. Rxc5 Qd7 41. Qe2 Qd6 0-1

[Event "Krasnodar Region-ch"]
[Site "Krasnodar"]
[Date "2014.10.04"]
[Round "2"]
[White "Panarin, Mikhail"]
[Black "Kondenko, Alexey"]
[Result "1-0"]
[WhiteElo "2559"]
[BlackElo "2201"]
[PlyCount "77"]
[EventDate "2014.10.03"]
[EventType "swiss"]
[EventRounds "9"]
[EventCountry "RUS"]
[SourceTitle "EXT 2015"]
[Source "ChessBase"]
[SourceDate "2014.11.20"]
[SourceVersion "1"]
[SourceVersionDate "2014.11.20"]
[SourceQuality "1"]

1. e4 g6 2. d4 Bg7 3. Nc3 d6 4. Be3 c6 5. Qd2 b5 6. h4 h5 7. f3 Nf6 8. 0-0-0 Qa5 9. Kb1 b4 10. Nce2 Na6 11. Nc1 Rb8 12. Nh3 Nc7 13. Nf4 Ne6 14. e5 Nd5 15. Nb3 Qc7 16. Nxd5 cxd5 17. f4 a5 18. Bd3 a4 19. Nc1 dxe5 20. fxe5 Bd7 21. Rdf1 a3 22. bxa3 bxa3+ 23. Nb3 Bb5 24. Rf2 Bc4 25. Rhf1 0-0 26. g4 hxg4 27. Rg1 g3 28. Rf3 Bxe5 29. h5 Rfc8 30. hxg6 fxg6 31. Bxg6 Rf8 32. Bf5 Ng7 33. dxe5 Nxf5 34. Bf4 Qc5 35. Rg2 Rb6 36. Bxg3 Ng7 37. Rxf8+ Kxf8 38. Bf2 Qb5 39. Bxb6 1-0

[Event "Sochi Tseshkovsky Memorial op"]
[Site "Sochi"]
[Date "2014.09.21"]
[Round "5"]
[White "Kondenko, Alexey"]
[Black "Bimiev, Ahmad"]
[Result "1-0"]
[WhiteElo "2218"]
[BlackElo "1998"]
[PlyCount "135"]
[EventDate "2014.09.17"]
[EventType "swiss"]
[EventRounds "9"]
[EventCountry "RUS"]
[SourceTitle "CBM 162 Extra"]
[Source "ChessBase"]
[SourceDate "2014.10.17"]
[SourceVersion "1"]
[SourceVersionDate "2014.10.17"]
[SourceQuality "1"]

1. e4 e5 2. Bc4 Nf6 3. d3 Nc6 4. Nf3 Be7 5. 0-0 0-0 6. Nbd2 d6 7. a4 h6 8. a5 a6 9. c3 b5 10. axb6 cxb6 11. Re1 Qc7 12. Nf1 Re8 13. Ne3 Bf8 14. Nh4 Kh7 15. Qf3 Ra7 16. Nhf5 b5 17. Ba2 Qd8 18. Nd5 Nxd5 19. Bxd5 Nb8 20. Be3 Rd7 21. d4 Bb7 22. Bxb7 Rxb7 23. d5 g6 24. Ng3 Bg7 25. Nf1 Rf8 26. g4 Qc8 27. Ng3 Qc4 28. Qe2 Bf6 29. Qxc4 bxc4 30. Ra4 Rc8 31. Re2 Bg5 32. Nf1 Kg7 33. Kg2 Kf6 34. Kg3 Ke7 35. h4 Bxe3 36. Nxe3 Rbc7 37. f4 exf4+ 38. Kxf4 Rc5 39. Rd2 Nd7 40. Rxa6 Ne5 41. Kg3 Rb8 42. Ra7+ Kd8 43. h5 Rc7 44. Rxc7 Kxc7 45. hxg6 fxg6 46. Rd4 Rxb2 47. Nxc4 Nxc4 48. Rxc4+ Kd7 49. Rc6 Rd2 50. c4 Rc2 51. Kf4 h5 52. gxh5 gxh5 53. e5 dxe5+ 54. Kxe5 h4 55. Kd4 h3 56. Rh6 h2 57. Kd3 Rg2 58. c5 Kd8 59. Rh7 Kc8 60. Kc4 Rd2 61. c6 Rc2+ 62. Kb5 Rb2+ 63. Kc5 Rc2+ 64. Kd6 Kb8 65. Kd7 Ka7 66. d6 Kb6 67. c7 Kb7 68. Rh8 1-0

[Event "South FR-ch"]
[Site "Armavir"]
[Date "2012.03.??"]
[Round "2"]
[White "Kornyukov, Alexey"]
[Black "Kondenko, Alexey"]
[Result "1-0"]
[WhiteElo "2463"]
[BlackElo "2222"]
[PlyCount "93"]
[EventDate "2012.03.11"]
[EventType "swiss"]
[EventRounds "9"]
[EventCountry "RUS"]
[SourceTitle "EXT 2023"]
[Source "ChessBase"]
[SourceDate "2022.10.05"]
[SourceVersion "1"]
[SourceVersionDate "2022.10.05"]
[SourceQuality "1"]

1. d4 c5 2. d5 e5 3. e4 d6 4. c4 Be7 5. Nf3 Nd7 6. Nc3 a6 7. g4 h6 8. Be3 Ngf6 9. h3 Nh7 10. Qd2 Ng5 11. Nh2 Nf6 12. f3 Nd7 13. Kf2 Nh7 14. Bd3 Nhf8 15. Nf1 Ng6 16. Ne2 Bg5 17. Nfg3 Bxe3+ 18. Qxe3 Qh4 19. a3 h5 20. Rag1 Nf4 21. Nxf4 exf4 22. Qxf4 Ne5 23. Be2 Rh6 24. Kf1 Rf6 25. Qe3 hxg4 26. hxg4 Nxg4 27. Rxh4 Nxe3+ 28. Kf2 Ng4+ 29. Ke1 Ne5 30. Rh8+ Kd7 31. Nh5 Nxf3+ 32. Bxf3 Rxf3 33. Rxg7 Kc7 34. Ke2 Rb3 35. Rxf7+ Kb6 36. Kd2 Rxb2+ 37. Kc3 Rh2 38. Rhh7 Rh3+ 39. Kb2 Ka5 40. Nf6 Rxh7 41. Rxh7 b5 42. Rh8 Bb7 43. Rxa8 Bxa8 44. Ne8 Kb6 45. Kb3 b4 46. Nxd6 Kc7 47. e5 1-0

[Event "Samara Polugaevsky Memorial 1st"]
[Site "Samara"]
[Date "2011.07.07"]
[Round "3"]
[White "Kondenko, Alexey"]
[Black "Komendatyan, Artyom"]
[Result "1-0"]
[WhiteElo "2237"]
[BlackElo "2001"]
[PlyCount "65"]
[EventDate "2011.07.05"]
[EventType "swiss"]
[EventRounds "9"]
[EventCountry "RUS"]
[SourceTitle "CBM 143 Extra"]
[Source "ChessBase"]
[SourceDate "2011.08.29"]
[SourceVersion "1"]
[SourceVersionDate "2011.08.29"]
[SourceQuality "1"]

1. Nf3 d5 2. c4 e6 3. g3 Nf6 4. Bg2 d4 5. 0-0 c5 6. d3 Nc6 7. e3 Be7 8. exd4 cxd4 9. a3 a5 10. Re1 0-0 11. b3 Nd7 12. Ra2 e5 13. Rae2 f6 14. Nbd2 Qb6 15. Ne4 f5 16. c5 Qd8 17. Nd6 Nxc5 18. Nxc8 Rxc8 19. Nxe5 Nxe5 20. Rxe5 Bd6 21. Rd5 Qb6 22. Bb2 Nxb3 23. Rxd6 Qxd6 24. Qxb3+ Kh8 25. Qa4 h6 26. Qxa5 Rc2 27. Qb5 f4 28. Bc1 fxg3 29. fxg3 Rc5 30. Qb4 b6 31. Bf4 Qf6 32. Rf1 Rf5 33. Bh3 1-0

[Event "Voronezh op-B 15th"]
[Site "Voronezh"]
[Date "2011.06.17"]
[Round "6"]
[White "Golovchanov, Artiom"]
[Black "Kondenko, Alexey"]
[Result "0-1"]
[WhiteElo "2073"]
[BlackElo "2242"]
[PlyCount "50"]
[EventDate "2011.06.12"]
[EventType "swiss"]
[EventRounds "9"]
[EventCountry "RUS"]
[SourceTitle "CBM 143 Extra"]
[Source "ChessBase"]
[SourceDate "2011.08.29"]
[SourceVersion "1"]
[SourceVersionDate "2011.08.29"]
[SourceQuality "1"]

1. e4 g6 2. d4 Bg7 3. Nc3 d6 4. f4 a6 5. Nf3 e6 6. Bd3 Nc6 7. Be3 Nf6 8. h3 b5 9. 0-0 Ne7 10. a3 Bb7 11. f5 exf5 12. exf5 Qd7 13. Qe1 0-0-0 14. a4 b4 15. Na2 a5 16. c3 Nxf5 17. Bg5 Rde8 18. Qf2 Ne4 19. Bxe4 Rxe4 20. cxb4 Nxd4 21. Nc3 Nxf3+ 22. Qxf3 Bd4+ 23. Kh1 Re5 24. Qg3 Rxg5 25. Qxg5 Qxh3# 0-1

[Event "Voronezh op-B 15th"]
[Site "Voronezh"]
[Date "2011.06.16"]
[Round "5"]
[White "Kondenko, Alexey"]
[Black "Volkov, Anton"]
[Result "0-1"]
[WhiteElo "2242"]
[BlackElo "2209"]
[PlyCount "130"]
[EventDate "2011.06.12"]
[EventType "swiss"]
[EventRounds "9"]
[EventCountry "RUS"]
[SourceTitle "CBM 143 Extra"]
[Source "ChessBase"]
[SourceDate "2011.08.29"]
[SourceVersion "1"]
[SourceVersionDate "2011.08.29"]
[SourceQuality "1"]

1. e4 Nf6 2. e5 Nd5 3. d4 d6 4. c4 Nb6 5. f4 dxe5 6. fxe5 Nc6 7. Be3 Bf5 8. Nc3 e6 9. Nf3 Be7 10. Be2 0-0 11. 0-0 f6 12. exf6 Bxf6 13. Qd2 Qe7 14. Rad1 Rad8 15. Qc1 Kh8 16. Kh1 h6 17. h3 Bh7 18. Bg1 Rd7 19. Rfe1 Qf7 20. c5 Nd5 21. Bb5 Qh5 22. Bd3 Bxd3 23. Rxd3 Qf5 24. Rdd1 g5 25. Ne4 Bg7 26. Ng3 Qg6 27. Qb1 Qxb1 28. Rxb1 Nf4 29. Re4 Nxh3 30. Be3 Nf4 31. b4 Nd5 32. b5 Nd8 33. Bd2 Kh7 34. Rb3 c6 35. Ne5 Bxe5 36. Rxe5 Nf6 37. Bc3 Ng4 38. Re1 Nf6 39. Ne4 Nxe4 40. Rxe4 cxb5 41. Rxb5 Rff7 42. Kh2 Nc6 43. Rb2 Nd8 44. Rbe2 Rd5 45. Be1 Rfd7 46. Bc3 Rf5 47. Kg3 Kg6 48. Ba5 b6 49. Bb4 bxc5 50. Bxc5 h5 51. Rb2 Rf6 52. Rb8 Nc6 53. Re8 Kf5 54. Kf3 h4 55. Ke3 Rb7 56. Rc8 Rb1 57. Rxc6 Re1+ 58. Kd3 Rxe4 59. Be7 Rf7 60. Bxg5 Rg4 61. Rc5+ Kg6 62. Be3 Rxg2 63. Rc6 Rf6 64. Rc8 h3 65. Rh8 h2 0-1

[Event "Yuzhny FO-ch op"]
[Site "Armavir"]
[Date "2011.03.19"]
[Round "8"]
[White "Baraeva, Marina"]
[Black "Kondenko, Alexey"]
[Result "0-1"]
[WhiteElo "2168"]
[BlackElo "2253"]
[PlyCount "100"]
[EventDate "2011.03.12"]
[EventType "swiss"]
[EventRounds "9"]
[EventCountry "RUS"]
[SourceTitle "CBM 141 Extra"]
[Source "ChessBase"]
[SourceDate "2011.05.03"]
[SourceVersion "1"]
[SourceVersionDate "2011.05.03"]
[SourceQuality "1"]

1. d4 Nf6 2. c4 g6 3. Nc3 Bg7 4. e4 0-0 5. Be2 d6 6. Nf3 Nbd7 7. 0-0 e5 8. Qc2 c6 9. Rd1 Re8 10. dxe5 dxe5 11. Be3 Qe7 12. Nd2 Nf8 13. f3 Ne6 14. Nb3 Nh5 15. Bf1 Bf6 16. Qf2 Bg5 17. Bxa7 Rxa7 18. Qxa7 Nd4 19. Rd3 Nf4 20. Rxd4 exd4 21. Qxd4 Bf6 22. Qe3 Be5 23. g3 Nh3+ 24. Kh1 h5 25. Re1 Qf6 26. Bxh3 Bxh3 27. f4 Bc7 28. Nd2 Qe7 29. a3 Rd8 30. Rd1 Qe6 31. Qe2 Bg4 32. Nf3 Rxd1+ 33. Nxd1 Bxf3+ 34. Qxf3 Qxc4 35. b3 Qc2 36. Kg1 Bb6+ 37. Nf2 Qc1+ 38. Kg2 Qxa3 39. f5 Qb2 40. fxg6 fxg6 41. Qf4 Kg7 42. Kf1 Qxf2+ 43. Qxf2 Bxf2 44. Kxf2 Kf6 45. Ke3 Ke5 46. b4 g5 47. Kd3 b6 48. h3 c5 49. bxc5 bxc5 50. h4 g4 0-1

[Event "Yuzhny FO-ch op"]
[Site "Armavir"]
[Date "2011.03.16"]
[Round "5"]
[White "Kondenko, Alexey"]
[Black "Lyashenko, Valeri"]
[Result "1-0"]
[WhiteElo "2253"]
[BlackElo "2016"]
[PlyCount "117"]
[EventDate "2011.03.12"]
[EventType "swiss"]
[EventRounds "9"]
[EventCountry "RUS"]
[SourceTitle "CBM 141 Extra"]
[Source "ChessBase"]
[SourceDate "2011.05.03"]
[SourceVersion "1"]
[SourceVersionDate "2011.05.03"]
[SourceQuality "1"]

1. e4 e6 2. d4 d5 3. Nd2 Nf6 4. e5 Nfd7 5. Bd3 c5 6. c3 Nc6 7. Ne2 cxd4 8. cxd4 a6 9. 0-0 g6 10. Nf3 h6 11. a4 Nb4 12. Bb1 Bg7 13. Bd2 Qe7 14. a5 Nc6 15. Re1 Ndb8 16. Nc3 Qd8 17. h4 Na7 18. Qb3 Nac6 19. Ne2 Bf8 20. g3 Nd7 21. Rc1 Na7 22. Bd3 Be7 23. Qa4 Kf8 24. Qc2 Kg7 25. Nf4 Nf8 26. Qb3 Nc6 27. Bf1 Kg8 28. Qe3 Bb4 29. Bxb4 Nxb4 30. Nh2 h5 31. Nf3 Nc6 32. Qd2 Bd7 33. Nd3 Rb8 34. Nc5 Be8 35. Ra3 Na7 36. Qf4 Rh7 37. b4 Nc6 38. Nd3 Rg7 39. Qd2 Nh7 40. Nf4 Qe7 41. Rb3 Na7 42. Rc5 Bb5 43. Rbc3 Bxf1 44. Kxf1 Qe8 45. Kg2 Nf8 46. Rc1 Nd7 47. R5c2 Qe7 48. Nd3 Nb5 49. Rc8+ Rxc8 50. Rxc8+ Nf8 51. Nc5 Na7 52. Rb8 Nc6 53. Rxb7 Qe8 54. Qd3 f6 55. Qxa6 Rxb7 56. Qxb7 fxe5 57. dxe5 d4 58. a6 Nd8 59. Qc8 1-0

[Event "Moscow op-E"]
[Site "Moscow"]
[Date "2011.01.29"]
[Round "1.156"]
[White "Kondenko, Alexey"]
[Black "Nikulin, Vladimir"]
[Result "1-0"]
[WhiteElo "2254"]
[BlackElo "1879"]
[PlyCount "125"]
[EventDate "2011.01.29"]
[EventType "swiss"]
[EventRounds "9"]
[EventCountry "RUS"]
[SourceTitle "EXT 2022"]
[Source "ChessBase"]
[SourceDate "2021.10.06"]
[SourceVersion "1"]
[SourceVersionDate "2021.10.06"]
[SourceQuality "1"]

1. Nf3 Nf6 2. c4 e6 3. g3 b6 4. Bg2 Bb7 5. 0-0 c5 6. b3 Be7 7. Bb2 0-0 8. Na3 d6 9. Nc2 Nc6 10. d3 Qc7 11. e4 Rad8 12. Rc1 Nd7 13. Ne3 Bf6 14. Qd2 Bxb2 15. Qxb2 Nde5 16. Ne1 Nd4 17. b4 Qe7 18. f4 Nd7 19. Rf2 e5 20. N1c2 Nxc2 21. Rcxc2 cxb4 22. Qxb4 Nc5 23. Qa3 Bc6 24. Rcd2 Qb7 25. Qc3 f6 26. h4 Ne6 27. Qc1 Nd4 28. Qd1 Qf7 29. Kh2 g6 30. Rf1 Qg7 31. Rdf2 Kh8 32. Bh3 f5 33. exf5 Nxf5 34. Nxf5 gxf5 35. fxe5 Qxe5 36. d4 Qg7 37. Rxf5 Be4 38. R5f4 d5 39. cxd5 Bxd5 40. Qd2 Bc4 41. R1f2 Rxf4 42. Rxf4 Re8 43. Bg4 Rf8 44. a3 Rxf4 45. Qxf4 Bg8 46. Bf3 Qe7 47. d5 Qg7 48. d6 Be6 49. g4 Bd7 50. Kg3 h6 51. g5 hxg5 52. hxg5 Kg8 53. Bd5+ Kh8 54. Qf6 Qxf6 55. gxf6 Kh7 56. Kf4 Kg6 57. Ke5 b5 58. Be6 Bc6 59. d7 Bxd7 60. Bxd7 Kf7 61. Bxb5 a5 62. Bc6 Kf8 63. Ke6 1-0

[Event "Voronezh op-A 14th"]
[Site "Voronezh"]
[Date "2010.06.21"]
[Round "9"]
[White "Efanov, Nikolai Aleksandrov"]
[Black "Kondenko, Alexey"]
[Result "1-0"]
[WhiteElo "2407"]
[BlackElo "2238"]
[PlyCount "61"]
[EventDate "2010.06.12"]
[EventType "swiss"]
[EventRounds "9"]
[EventCountry "RUS"]
[SourceTitle "CBM 137 Extra"]
[Source "ChessBase"]
[SourceDate "2010.09.01"]
[SourceVersion "1"]
[SourceVersionDate "2010.09.01"]
[SourceQuality "1"]

1. e4 d6 2. d4 g6 3. Nc3 Bg7 4. Be3 c6 5. Qd2 b5 6. Bd3 Nd7 7. Nf3 Bb7 8. 0-0 Qc7 9. Rfe1 a6 10. Ne2 e5 11. dxe5 dxe5 12. c4 Ngf6 13. Rec1 Qd6 14. a4 bxa4 15. c5 Qc7 16. h3 0-0 17. Rxa4 Rfd8 18. Qc3 Nf8 19. Ng3 Ne6 20. Bc4 Nd5 21. Qa3 Ndf4 22. Bxa6 Bxa6 23. Rxa6 Rxa6 24. Qxa6 Nd4 25. Nxd4 exd4 26. Bd2 d3 27. Rd1 Rd4 28. Ba5 Nxh3+ 29. Kh2 Qf4 30. Kxh3 Qxf2 31. Rxd3 1-0

[Event "Voronezh op-A 14th"]
[Site "Voronezh"]
[Date "2010.06.20"]
[Round "8"]
[White "Kondenko, Alexey"]
[Black "Airapetian, Gor"]
[Result "1/2-1/2"]
[WhiteElo "2238"]
[BlackElo "2429"]
[PlyCount "58"]
[EventDate "2010.06.12"]
[EventType "swiss"]
[EventRounds "9"]
[EventCountry "RUS"]
[SourceTitle "CBM 137 Extra"]
[Source "ChessBase"]
[SourceDate "2010.09.01"]
[SourceVersion "1"]
[SourceVersionDate "2010.09.01"]
[SourceQuality "1"]

1. Nf3 Nf6 2. c4 e6 3. g3 d5 4. Bg2 dxc4 5. Qa4+ Nbd7 6. 0-0 a6 7. Qxc4 b5 8. Qc2 Bb7 9. b3 c5 10. Bb2 Be7 11. d3 0-0 12. Nbd2 Qb8 13. Rac1 Rc8 14. Qb1 Bd5 15. e4 Bc6 16. d4 Qb6 17. Rfe1 Bb7 18. d5 exd5 19. exd5 Re8 20. Ne5 Rad8 21. Nc6 Bxc6 22. dxc6 Nb8 23. Rxe7 Rxe7 24. Bxf6 gxf6 25. Ne4 Kg7 26. Nxf6 Kxf6 27. Qxh7 Re6 28. Qh6+ Ke7 29. Qh4+ Ke8 1/2-1/2

[Event "Voronezh op-A 14th"]
[Site "Voronezh"]
[Date "2010.06.13"]
[Round "2"]
[White "Provotorov, Ivan"]
[Black "Kondenko, Alexey"]
[Result "1-0"]
[WhiteElo "2405"]
[BlackElo "2238"]
[PlyCount "119"]
[EventDate "2010.06.12"]
[EventType "swiss"]
[EventRounds "9"]
[EventCountry "RUS"]
[SourceTitle "CBM 137 Extra"]
[Source "ChessBase"]
[SourceDate "2010.09.01"]
[SourceVersion "1"]
[SourceVersionDate "2010.09.01"]
[SourceQuality "1"]

1. e4 c5 2. c3 b6 3. d4 Bb7 4. Bd3 Nf6 5. Nd2 cxd4 6. cxd4 g6 7. Ngf3 Bg7 8. e5 Nd5 9. Be4 0-0 10. Qb3 e6 11. Nc4 Bc6 12. 0-0 f5 13. Bc2 b5 14. Nd6 Qb6 15. Bd3 Nc7 16. Be2 Bd5 17. Qd3 Nc6 18. Rd1 Rab8 19. Bf4 h6 20. h4 a6 21. Qe3 Kh7 22. h5 gxh5 23. Nh4 Ne8 24. Nxe8 Rbxe8 25. Bxh5 Ne7 26. Qg3 Qd8 27. Rd3 Be4 28. Ra3 Rg8 29. Qh2 Ref8 30. Rh3 Rh8 31. Qg3 Kg8 32. Ng6 Nxg6 33. Bxg6 Qe7 34. Bxh6 f4 35. Qg4 Bxg6 36. Qxg6 Qf7 37. Qxg7+ Qxg7 38. Bxg7 Kxg7 39. Rxh8 Rxh8 40. Rc1 Kf7 41. f3 Ke7 42. Rc7 Rb8 43. Kf2 Rg8 44. b3 Ra8 45. a3 Rb8 46. Rc2 Rg8 47. Rc1 Rh8 48. b4 Kd8 49. Ke2 Rh2 50. Rg1 Kc7 51. Kd3 Rh8 52. Ke4 Rf8 53. Rc1+ Kd8 54. d5 exd5+ 55. Kxd5 Ke7 56. Rh1 Rg8 57. Rh2 Rg6 58. Ke4 Re6 59. Rh7+ Kd8 60. Rf7 1-0